000 00655nam a2200277Ia 4500
005 20260324123308.0
008 008 260324s9999 xx 000 0 eng d
020 _a9780203804896
037 _aEBOOK
040 _aCRL
040 _beng
040 _cCRL
041 _2eng
041 _aeng
084 _qCRL
100 _aHolly Blackford
_91169769
245 4 _aThe Myth of Persephone in Girls' Fantasy Literature
260 _bTaylor and Francis
260 _c2012
365 _a
365 _b255
856 _uhttp://www.taylorfrancis.com/books/9780203804896
942 _cEBOOK
999 _c1763167
_d1763167